000 00374nam a22001577a 4500
003 MPLRDC
005 20220104123554.0
008 210129b ||||| |||| 00| 0 eng d
082 _a427.7 LHS
100 _a缪穗生编
245 _a食物保鲜秘诀
_c
260 _a
_b家庭出版社
_c
300 _b
650 _a食品腐坏与保存
942 _cBK
_o427.7 LHS
999 _c12476
_d12466